Computational qualitative economics-using computational intelligence for andvanced learning of economics in knowledge society
Experimenty s komplexným nelineárnym modelom ekonomickej dynamiky vo virtuálnych ekonomických laboratóriách iDMC. Modely kvalitatívneho duopolu, monopolu a Kaldorovho modelu cyklického rastu.
Gespeichert in:
| 1. Verfasser: | |
|---|---|
| Format: | Buchkapitel |
| Sprache: | Englisch |
| Schlagworte: | |
| Tags: |
Keine Tags, Fügen Sie das erste Tag hinzu!
|
MARC
| LEADER | 00000naa a2200000 4500 | ||
|---|---|---|---|
| 001 | 0216046 | ||
| 005 | 20221019174346.7 | ||
| 041 | 0 | |a eng | |
| 044 | |a SK | ||
| 245 | 1 | 0 | |a Computational qualitative economics-using computational intelligence for andvanced learning of economics in knowledge society |c Ladislav Andrášik |
| 520 | |a Experimenty s komplexným nelineárnym modelom ekonomickej dynamiky vo virtuálnych ekonomických laboratóriách iDMC. Modely kvalitatívneho duopolu, monopolu a Kaldorovho modelu cyklického rastu. | ||
| 610 | 2 | 0 | |a komplexita |
| 610 | 2 | 0 | |a inteligencia umelá |
| 610 | 2 | 0 | |a modely rastu |
| 610 | 2 | 0 | |a ekonómia experimentálna |
| 610 | 2 | 0 | |a monopoly |
| 610 | 2 | 0 | |a oligopoly |
| 610 | 2 | 0 | |a dynamika ekonomiky |
| 100 | 1 | |a Andrášik, Ladislav | |